| 000 | 00435nam a22001217a 4500 | ||
|---|---|---|---|
| 005 | 20260629145753.0 | ||
| 100 |
_aMuhammad Waseem _a21-MSCS-10 _aSupervisor - Prof.Dr. Muhammad Saleem Vighio _91054 |
||
| 245 | _aAnalysis the Impact of Physical Activity on Reducing Obesity Through Gamified Mobile App (Thesis MS) | ||
| 260 |
_aNawabshah _bQUEST _c2025 |
||
| 300 | _a96p. | ||
| 700 |
_aDepartment of Computer Science _91007 |
||
| 942 | _cTHESIS | ||
| 999 |
_c69107 _d69104 |
||